1360 1810 1316 1838 1122 1048 1508 1377 1801 1073 1402 1880 1348 1809 1986 1541 1807 1676 1065 1949 1361 1147 1846 1251 1653 1889 1189 1318 1633 1634 1901 1966 1526 1831 1155 1779 1776 1384 1451 1267 1960 1159 1926 1687 1605 1177 1496 1213 1786 1612 1822 1457 1317 1219 1477 1872 1644 1587 1508 1127 1594 1619 1448 1111 1875 1175 1114 1295 1474 1198 1001 1388 1100 1214 1248 1722 1647 1933 1172 1329 1768 1745 1136 1314 1555 1561 1583 1202 1924 1291 1760 1014 1354 1502 1992 1575 1336 1642 1360 BCNSPRNW ULIB Ver.6.0+V

เปลี่ยนเป็นภาษาไทย

Change to English
 แสดงรายละเอียดบรรณานุกรม
  กลับหน้าหลัก

Brief Record : Get Marc (ISO 2709) : E-mail record : QR code < ปิดหน้าต่าง
LEADER : 00000nam 2200000uu 4500
001    13399121239
003     ULIB
008    020711sมปป. th a 000 0 tha d
050  4 PN4129^bป231ผ
100    ประชา ฉายเพ็ชร์
245    ผงชูรสการพูด เล่ม1
260     ^bม.ป.ท.,^cม.ป.ป.
945    ^p0^l0^i16088
945    ^p0^l0^i16087
999    ^aทศพร เกษรทอง
รายการนี้ยังไม่มีแท็ก
คุณยังไม่ได้ล็อกอิน คุณสามารถมีกิจกรรมร่วมกับเว็บไซต์ได้ แต่ต้องล็อกอินก่อน ::
  ล็อกอิน

รายการสื่อสารสนเทศ

ลำดับที่ ประเภท เลขเรียก/บาร์โค้ด สถานที่ สถานะ
1. วิทยาศาสตร์การแพทย์ และสุขภาพ
วิทยาศาสตร์การแพทย์ และสุขภาพ
PN4129 ป231ผ  
  Barcode: 16088
ห้องสมุดวิทยาเขตสวรรค์ประชารักษ์
►หนังสือทั่วไป
บนชั้น
2. วิทยาศาสตร์การแพทย์ และสุขภาพ
วิทยาศาสตร์การแพทย์ และสุขภาพ
PN4129 ป231ผ ฉ.2 
  Barcode: 16087
ห้องสมุดวิทยาเขตสวรรค์ประชารักษ์
►หนังสือทั่วไป
บนชั้น

รายการใกล้เคียง
    ผู้แต่ง [ประชา ฉายเพ็ชร์]

BibComment


ยังไม่เคยถูกคอมเมนท์

คอมเมนท์ทรัพยากรรายการนี้
  คอมเมนท์: ผงชูรสการพูด เล่ม1


 Copyright 2026. Bcnsprnw @Library